[Event "Oberliga Ost B"]
[Site "?"]
[Date "2022.05.22"]
[Round "5.5"]
[White "Minor, Samuel"]
[Black "Mehlhorn, Uwe"]
[Result "1/2-1/2"]
[WhiteElo "2251"]
[BlackElo "2035"]
[PlyCount "140"]
[EventDate "2021.10.10"]
[EventType "team-tourn"]
[EventCountry "GER"]
[WhiteTeam "Wiesbadener SV"]
[BlackTeam "Stadtilm SG BW"]
[WhiteTeamCountry "GER"]
[BlackTeamCountry "GER"]

1. e4 c6 2. d4 d5 3. Nc3 dxe4 4. Nxe4 Nf6 5. Nxf6+ exf6 6. c3 Bd6 7. Bd3 Qe7+
8. Ne2 Bg4 9. Qc2 Bxe2 10. Qxe2 Qxe2+ 11. Kxe2 O-O 12. Bd2 Re8+ 13. Kf3 Nd7 14.
Rhe1 Nf8 15. Rxe8 Rxe8 16. Re1 Rxe1 17. Bxe1 g6 18. c4 Ne6 19. Bc3 Nc7 20. a4
f5 21. h3 Kf8 22. b4 Ke8 23. g4 fxg4+ 24. hxg4 Be7 25. Bd2 Kd7 26. Ke4 Ne8 27.
Be2 f6 28. c5 Ng7 29. d5 Ne8 30. d6 Bd8 31. b5 Ng7 32. Be3 Ne6 33. f4 Ba5 34.
f5 Ng5+ 35. Kd4 Be1 36. Bc4 Nf3+ 37. Ke4 Nd2+ 38. Kd3 Nxc4 39. Kxc4 gxf5 40.
gxf5 h5 41. Kd3 Bg3 42. Ke2 Be5 43. Kf3 b6 44. cxb6 axb6 45. Bxb6 cxb5 46. axb5
Kxd6 47. Bf2 Kd5 48. b6 Kc6 49. Kg2 h4 50. Kh3 Bg3 51. Bd4 Be1 52. Kg4 Kb7 53.
Bxf6 Kxb6 54. Bxh4 Bc3 55. Kg5 Kc6 56. Kg6 Kd7 57. Kf7 Bb4 58. Kg7 Ke8 59. Bf6
Bf8+ 60. Kg8 Bc5 61. Be5 Be7 62. Kg7 Bh4 63. Kg6 Bd8 64. Bf4 Kf8 65. Be5 Kg8
66. Bf6 Ba5 67. Be5 Bd8 68. Bf6 Bb6 69. Bg7 Bd8 70. f6 Bxf6 1/2-1/2

[Event "Oberliga Ost B"]
[Site "?"]
[Date "2022.05.22"]
[Round "5.7"]
[White "Tuzi, Bruna"]
[Black "Schmidt, Daniel"]
[Result "0-1"]
[WhiteElo "1999"]
[BlackElo "1880"]
[PlyCount "134"]
[EventDate "2021.10.10"]
[EventType "team-tourn"]
[EventCountry "GER"]
[WhiteTeam "Wiesbadener SV"]
[BlackTeam "Stadtilm SG BW"]
[WhiteTeamCountry "GER"]
[BlackTeamCountry "GER"]

1. e4 c5 2. Nf3 d6 3. Bb5+ Nd7 4. c3 Ngf6 5. Bd3 g6 6. Bc2 Bg7 7. d4 O-O 8. O-O
cxd4 9. cxd4 e5 10. Nc3 a6 11. a4 b6 12. Re1 Bb7 13. d5 Rc8 14. Bg5 h6 15. Be3
Ng4 16. Bd2 Ngf6 17. h3 Ne8 18. Nh2 f5 19. exf5 gxf5 20. Qh5 Qf6 21. g4 f4 22.
Bf5 Rc7 23. Be6+ Kh7 24. Ne4 Qg6 25. Bf5 Rxf5 26. Qxf5 Qxf5 27. gxf5 Bxd5 28.
Nc3 Bb7 29. Bxf4 Nc5 30. Rad1 Nf6 31. Bg3 Bf8 32. Bh4 Rg7+ 33. Kf1 Nh5 34. f3
Nf4 35. f6 Rg6 36. b4 Ncd3 37. Re3 Nxb4 38. Rxe5 Bc6 39. Re7+ Bxe7 40. fxe7 Re6
41. Re1 Rxe1+ 42. Kxe1 Ng2+ 43. Kd2 Nxh4 44. Ne4 Nd5 45. Nxd6 Nxe7 46. Nc4 b5
47. axb5 Bxb5 48. Ne5 Neg6 49. Neg4 Kg7 50. Ke3 h5 51. Nf2 Ng2+ 52. Kd4 N2f4
53. Kc5 Nd3+ 54. Nxd3 Bxd3 55. Kd4 Bb5 56. Ke3 Kf6 57. f4 Nh4 58. Kf2 Kf5 59.
Kg3 Ng6 60. Nf3 h4+ 61. Kf2 Kxf4 62. Nd4 Ke4 63. Nf3 a5 64. Nxh4 Nxh4 65. Ke1
Kd3 66. Kd1 Kc3 67. Kc1 Bd3 0-1

[Event "Oberliga Ost B"]
[Site "?"]
[Date "2022.07.02"]
[Round "6.1"]
[White "Teske, Henrik"]
[Black "Dunsbach, Ralf"]
[Result "1-0"]
[WhiteElo "2464"]
[BlackElo "2156"]
[PlyCount "65"]
[EventDate "2021.10.10"]
[EventType "team-tourn"]
[EventCountry "GER"]
[WhiteTeam "Erfurt SV Empor"]
[BlackTeam "Homburg Bad SK"]
[WhiteTeamCountry "GER"]
[BlackTeamCountry "GER"]

1. c4 Nf6 2. Nc3 e5 3. Nf3 Nc6 4. g3 Bb4 5. Bg2 O-O 6. O-O e4 7. Nh4 Bxc3 8.
bxc3 d6 9. d3 exd3 10. exd3 Ne5 11. h3 h6 12. Kh2 Re8 13. a4 a5 14. f4 Ned7 15.
g4 Nc5 16. Nf3 c6 17. Nd4 Nh7 18. Ra2 Bd7 19. Raf2 Qe7 20. Ne2 f5 21. Ng3 fxg4
22. hxg4 Qh4+ 23. Bh3 Nf6 24. f5 Nxd3 25. Qxd3 Nxg4+ 26. Kg2 Nxf2 27. Rxf2 Rad8
28. Rf4 Qe7 29. Ne4 d5 30. cxd5 cxd5 31. f6 Bxh3+ 32. Qxh3 Qf7 33. Rg4 1-0

[Event "Oberliga Ost B"]
[Site "?"]
[Date "2022.07.02"]
[Round "6.2"]
[White "Schmidt, Walter"]
[Black "Reucker, Friedrich"]
[Result "1/2-1/2"]
[WhiteElo "2232"]
[BlackElo "1967"]
[PlyCount "24"]
[EventDate "2021.10.10"]
[EventType "team-tourn"]
[EventCountry "GER"]
[WhiteTeam "Homburg Bad SK"]
[BlackTeam "Erfurt SV Empor"]
[WhiteTeamCountry "GER"]
[BlackTeamCountry "GER"]

1. e4 b6 2. d4 Bb7 3. Bd3 e6 4. Nf3 d5 5. Nbd2 Ba6 6. Bxa6 Nxa6 7. c3 c6 8. Qa4
Qc8 9. O-O b5 10. Qc2 Nf6 11. a4 Nc7 12. e5 Qb7 1/2-1/2

[Event "Oberliga Ost B"]
[Site "?"]
[Date "2022.07.02"]
[Round "6.3"]
[White "Michalowski, Peter"]
[Black "Kaliski, Erwin"]
[Result "0-1"]
[WhiteElo "2112"]
[BlackElo "2209"]
[PlyCount "50"]
[EventDate "2021.10.10"]
[EventType "team-tourn"]
[EventCountry "GER"]
[WhiteTeam "Erfurt SV Empor"]
[BlackTeam "Homburg Bad SK"]
[WhiteTeamCountry "GER"]
[BlackTeamCountry "GER"]

1. e4 e6 2. d4 d5 3. Nc3 Nf6 4. e5 Nfd7 5. f4 c5 6. Nf3 Nc6 7. Be3 Qb6 8. Na4
Qa5+ 9. c3 cxd4 10. b4 Qc7 11. Nxd4 a6 12. Bd3 b5 13. Nb2 Ncxe5 14. fxe5 Qxc3+
15. Qd2 Bxb4 16. Nc2 Qxd2+ 17. Bxd2 Bxd2+ 18. Kxd2 Nxe5 19. a4 Rb8 20. axb5
axb5 21. Rhb1 Rb7 22. Nd4 Nc4+ 23. Kc1 O-O 24. Ra8 e5 25. Nc6 Rc7 0-1

[Event "Oberliga Ost B"]
[Site "?"]
[Date "2022.07.02"]
[Round "6.7"]
[White "Pichl, Michael"]
[Black "Novak, Volker"]
[Result "0-1"]
[WhiteElo "1917"]
[BlackElo "2091"]
[PlyCount "94"]
[EventDate "2021.10.10"]
[EventType "team-tourn"]
[EventCountry "GER"]
[WhiteTeam "Erfurt SV Empor"]
[BlackTeam "Homburg Bad SK"]
[WhiteTeamCountry "GER"]
[BlackTeamCountry "GER"]

1. g3 e5 2. Bg2 d5 3. c4 dxc4 4. Qa4+ c6 5. Qxc4 Be6 6. Qc2 Nh6 7. Nf3 Na6 8.
Nxe5 Nb4 9. Qc3 Nd5 10. Qc2 Nb4 11. Qc3 Nd5 12. Qc2 Nb4 13. Qd1 Nxa2 14. Nc3
Nxc1 15. Rxc1 Bd6 16. Nd3 O-O 17. b4 Qb6 18. Na4 Qb5 19. Nac5 Bf5 20. Ne4 Bxb4
21. Nxb4 Bxe4 22. Bxe4 Qxb4 23. Bg2 Rad8 24. Rb1 Qe7 25. O-O Nf5 26. e3 Nd6 27.
Qc2 Nb5 28. Rb3 a6 29. d4 Rd7 30. Rd1 Rfd8 31. Rbd3 g6 32. Qd2 Rd6 33. Qb2 c5
34. d5 c4 35. Rd4 Nxd4 36. Qxd4 b5 37. e4 f6 38. f4 Re8 39. Re1 Qd8 40. Kh1
Rxd5 41. Qa1 Rd2 42. e5 fxe5 43. fxe5 Qd4 44. Qxd4 Rxd4 45. e6 Re7 46. Bh3 c3
47. Rc1 b4 0-1

[Event "Oberliga Ost B"]
[Site "?"]
[Date "2022.07.02"]
[Round "6.1"]
[White "Grund, Sebastian"]
[Black "Konopka, Michal"]
[Result "0-1"]
[WhiteElo "1893"]
[BlackElo "2372"]
[PlyCount "94"]
[EventDate "2021.10.10"]
[EventType "team-tourn"]
[EventCountry "GER"]
[WhiteTeam "Erfurt SV Medizin"]
[BlackTeam "Schoeneck SF"]
[WhiteTeamCountry "GER"]
[BlackTeamCountry "GER"]

1. d4 Nf6 2. Nf3 g6 3. c4 Bg7 4. g3 d5 5. Bg2 dxc4 6. O-O O-O 7. Na3 c3 8. bxc3
c5 9. Re1 Nc6 10. Bb2 Qb6 11. Nc4 Qa6 12. Nfe5 Be6 13. Nxc6 bxc6 14. Ne5 Rab8
15. Qc2 Rfc8 16. Bc1 cxd4 17. cxd4 c5 18. Bf4 cxd4 19. Nc6 Rb7 20. Rac1 Kh8 21.
Qd2 Rb6 22. Nxe7 Re8 23. Nc6 Bd5 24. Nb4 Qb5 25. Nxd5 Nxd5 26. Bh6 Bxh6 27.
Qxh6 Nc3 28. Bf3 Nxa2 29. Rc7 Rf6 30. Qd2 Qb4 31. Qxb4 Nxb4 32. Rd1 d3 33. Rd2
a5 34. Ra7 Re5 35. Kg2 Ref5 36. Re7 dxe2 37. Bxe2 Rxf2+ 38. Kh3 Kg7 39. Re5 Nc6
40. Rc5 Re6 41. Rcc2 h5 42. Bb5 Rxd2 43. Rxd2 Ne5 44. Be2 f5 45. Kh4 Kf6 46.
Bd1 Nc4 47. Rd8 Rd6 0-1

[Event "Oberliga Ost B"]
[Site "?"]
[Date "2022.07.02"]
[Round "6.2"]
[White "Marchio, Enrico"]
[Black "Jakob, Matthias"]
[Result "0-1"]
[WhiteElo "2300"]
[BlackElo "2082"]
[PlyCount "108"]
[EventDate "2021.10.10"]
[EventType "team-tourn"]
[EventCountry "GER"]
[WhiteTeam "Schoeneck SF"]
[BlackTeam "Erfurt SV Medizin"]
[WhiteTeamCountry "GER"]
[BlackTeamCountry "GER"]

1. Nf3 Nc6 2. c4 e5 3. Nc3 f5 4. d4 e4 5. Nd2 Nf6 6. e3 Bb4 7. Nd5 Nxd5 8. cxd5
Ne7 9. Bc4 a6 10. f3 exf3 11. Qxf3 d6 12. O-O Bxd2 13. Bxd2 O-O 14. Rf2 b5 15.
Bb3 Bb7 16. Raf1 Qe8 17. Ba5 Rc8 18. Rc2 Qf7 19. Rxc7 Rxc7 20. Bxc7 Bxd5 21.
Bxd6 Bxb3 22. axb3 Rd8 23. Bc5 Qe6 24. h3 g6 25. g4 Re8 26. gxf5 Nxf5 27. d5
Qe5 28. b4 a5 29. bxa5 Qxb2 30. Bb6 Qe5 31. e4 Qxe4 32. Qxe4 Rxe4 33. Rxf5 gxf5
34. d6 Re1+ 35. Kf2 Rd1 36. Bc5 Kf7 37. a6 Ke6 38. a7 Ra1 39. Ke3 Ra4 40. Kd3
Kd7 41. Ke3 Kc6 42. Kd3 f4 43. Kd2 Kb7 44. Kd3 h6 45. Kd2 Kc6 46. Kd3 h5 47.
Kd2 Ra2+ 48. Kd3 f3 49. Ke4 f2 50. Bxf2 Kxd6 51. Bb6 Ra4+ 52. Kd3 Kc6 53. Bf2
Kb7 54. h4 Rf4 0-1

[Event "Oberliga Ost B"]
[Site "?"]
[Date "2022.07.02"]
[Round "6.3"]
[White "Mueller Ludwig, Kristin"]
[Black "Heinatz, Thomas"]
[Result "1/2-1/2"]
[WhiteElo "2037"]
[BlackElo "2294"]
[PlyCount "86"]
[EventDate "2021.10.10"]
[EventType "team-tourn"]
[EventCountry "GER"]
[WhiteTeam "Erfurt SV Medizin"]
[BlackTeam "Schoeneck SF"]
[WhiteTeamCountry "GER"]
[BlackTeamCountry "GER"]

1. e4 c5 2. Nf3 d6 3. d4 cxd4 4. Nxd4 Nf6 5. Nc3 g6 6. Be3 Bg7 7. Qd2 Ng4 8.
Bg5 h6 9. Bh4 Nc6 10. Nb3 Bd7 11. O-O-O a5 12. Nb5 Nf6 13. f3 a4 14. N3d4 O-O
15. g4 Qa5 16. Be1 Qxd2+ 17. Rxd2 Rfc8 18. Kb1 Ne5 19. Bg3 Ra5 20. Na3 Rac5 21.
Be2 b5 22. Bxe5 Rxe5 23. Bxb5 Bxb5 24. Ndxb5 d5 25. exd5 Nxd5 26. Rhd1 Rc5 27.
c4 Nb4 28. Nd4 Re3 29. Rf1 Bxd4 30. Rxd4 Re2 31. h4 Rce5 32. Rfd1 f5 33. c5 Nc6
34. Rxa4 Rxc5 35. Rc1 Rxc1+ 36. Kxc1 Ne5 37. gxf5 gxf5 38. Nc2 Rf2 39. Nd4 Nd3+
40. Kd1 Nxb2+ 41. Ke1 Nd3+ 42. Kd1 Nb2+ 43. Ke1 Nd3+ 1/2-1/2

[Event "Oberliga Ost B"]
[Site "?"]
[Date "2022.07.02"]
[Round "6.4"]
[White "Nazarenus, Moritz"]
[Black "Nguyen, Ha Thanh"]
[Result "1-0"]
[WhiteElo "2232"]
[BlackElo "1975"]
[PlyCount "73"]
[EventDate "2021.10.10"]
[EventType "team-tourn"]
[EventCountry "GER"]
[WhiteTeam "Schoeneck SF"]
[BlackTeam "Erfurt SV Medizin"]
[WhiteTeamCountry "GER"]
[BlackTeamCountry "GER"]

1. d4 Nf6 2. c4 e6 3. Nf3 d5 4. Nc3 Be7 5. Bg5 O-O 6. e3 Nbd7 7. Bd3 b6 8. cxd5
exd5 9. O-O Bb7 10. Rc1 Ne4 11. Bf4 c5 12. dxc5 Ndxc5 13. Be2 Ne6 14. Be5 Bb4
15. a3 Nxc3 16. Bxc3 Bd6 17. Qd3 f5 18. Be5 Bxe5 19. Nxe5 f4 20. Rfd1 fxe3 21.
Qxe3 d4 22. Qg3 Bd5 23. Bg4 Rf6 24. Bxe6+ Bxe6 25. Nc6 Qf8 26. Nxd4 Bd5 27. Qe5
Bb7 28. f3 Re8 29. Qg3 Rg6 30. Qf2 Rc8 31. Qe2 Rxc1 32. Rxc1 Bd5 33. Qe5 Rd6
34. Nf5 Rd7 35. Rd1 Qc5+ 36. Kh1 h6 37. Qe8+ 1-0

[Event "Oberliga Ost B"]
[Site "?"]
[Date "2022.07.02"]
[Round "6.5"]
[White "Kirschbaum, Gunnar"]
[Black "Meyer, Kai Christian"]
[Result "1-0"]
[WhiteElo "2016"]
[BlackElo "2207"]
[PlyCount "81"]
[EventDate "2021.10.10"]
[EventType "team-tourn"]
[EventCountry "GER"]
[WhiteTeam "Erfurt SV Medizin"]
[BlackTeam "Schoeneck SF"]
[WhiteTeamCountry "GER"]
[BlackTeamCountry "GER"]

1. d4 Nf6 2. c4 e6 3. Nc3 Bb4 4. Qc2 b6 5. e4 Bxc3+ 6. bxc3 d6 7. f4 e5 8. fxe5
dxe5 9. Nf3 c5 10. Bg5 h6 11. Bxf6 Qxf6 12. Nxe5 Qf4 13. Qf2 Qxf2+ 14. Kxf2 O-O
15. Be2 Bb7 16. Bf3 f6 17. Ng6 Re8 18. Rhe1 Nc6 19. e5 Na5 20. Bxb7 Nxb7 21.
exf6 Kf7 22. Ne5+ Kxf6 23. Re4 g5 24. Rae1 Nd6 25. Ng4+ Kg6 26. Re6+ Rxe6 27.
Rxe6+ Kf5 28. Rxd6 Kxg4 29. Rxh6 cxd4 30. Rf6 Kh5 31. cxd4 Rc8 32. h3 g4 33.
hxg4+ Kxg4 34. Ke3 Rxc4 35. d5 Rc3+ 36. Ke4 Rc2 37. Rg6+ Kh5 38. Rg3 Rxa2 39.
d6 Rd2 40. Rd3 Rxg2 41. d7 1-0

[Event "Oberliga Ost B"]
[Site "?"]
[Date "2022.07.02"]
[Round "6.6"]
[White "Kirchner, Markus"]
[Black "Fischer, Dennis"]
[Result "1-0"]
[WhiteElo "2039"]
[BlackElo "1974"]
[PlyCount "85"]
[EventDate "2021.10.10"]
[EventType "team-tourn"]
[EventCountry "GER"]
[WhiteTeam "Schoeneck SF"]
[BlackTeam "Erfurt SV Medizin"]
[WhiteTeamCountry "GER"]
[BlackTeamCountry "GER"]

1. e4 d6 2. d4 Nf6 3. Nc3 g6 4. f4 Bg7 5. Nf3 O-O 6. Bd3 c5 7. dxc5 dxc5 8. e5
Nd5 9. Nxd5 Qxd5 10. Qe2 Bg4 11. Be4 Qd7 12. O-O Nc6 13. Rd1 Qc7 14. h3 Bd7 15.
c3 Rfd8 16. Be3 Rac8 17. Bd5 e6 18. Bc4 Nb8 19. Ng5 b5 20. Bxb5 Qb7 21. Bxd7
Nxd7 22. Rd2 Re8 23. Bf2 f5 24. Rd6 Rc6 25. Rad1 Nf8 26. Rxc6 Qxc6 27. Rd6 Qa4
28. Qd2 Qxa2 29. Bxc5 h6 30. Nf3 Qb1+ 31. Kf2 Rb8 32. b4 a5 33. bxa5 Qa1 34.
Bb4 g5 35. fxg5 h5 36. Rd8 Rxd8 37. Qxd8 Qc1 38. Qd4 Ng6 39. a6 Nxe5 40. Nxe5
Qxg5 41. a7 f4 42. a8=Q+ Kh7 43. Qde4+ 1-0

[Event "Oberliga Ost B"]
[Site "?"]
[Date "2022.07.02"]
[Round "6.1"]
[White "Rolle, Eric"]
[Black "Schubert, Nikita"]
[Result "1/2-1/2"]
[WhiteElo "2119"]
[BlackElo "1949"]
[PlyCount "182"]
[EventDate "2021.10.10"]
[EventType "team-tourn"]
[EventCountry "GER"]
[WhiteTeam "Marburg SK"]
[BlackTeam "Gera ESV"]
[WhiteTeamCountry "GER"]
[BlackTeamCountry "GER"]

1. c4 Nf6 2. Nc3 e6 3. e4 d5 4. e5 Ne4 5. Nxe4 dxe4 6. Qg4 c5 7. Qxe4 Nc6 8.
Nf3 g6 9. Bd3 Bg7 10. O-O Qc7 11. Re1 b6 12. Qe3 Bb7 13. Be4 O-O-O 14. Bxc6
Qxc6 15. b4 cxb4 16. Bb2 g5 17. Re2 Kb8 18. Qb3 g4 19. Ne1 h5 20. Qxb4 a6 21.
a4 Bf8 22. Qb3 h4 23. d4 Be7 24. a5 b5 25. d5 exd5 26. cxb5 Qxb5 27. Qxb5 axb5
28. a6 Bc6 29. Bd4 Rh6 30. Nd3 Rc8 31. Rc2 Ba8 32. Ba7+ Kxa7 33. Rxc8 Rc6 34.
Rxc6 Bxc6 35. Nf4 d4 36. Rd1 Kxa6 37. Rxd4 b4 38. Nd3 Kb5 39. Nc1 Ka4 40. Rxg4
Ka3 41. Rc4 Bd5 42. Rc7 Bg5 43. f4 Bd8 44. Rd7 Bb6+ 45. Kf1 b3 46. Nxb3 Bxb3
47. f5 Kb4 48. Rb7 Bc4+ 49. Ke1 Ka5 50. e6 fxe6 51. f6 Bc5 52. Kd2 Bd5 53. Rg7
Kb5 54. Rg5 Kc6 55. Rh5 Kd6 56. Rxh4 Bxg2 57. Rh8 Ke5 58. Rh5+ Kxf6 59. Rxc5 e5
60. Ke3 Bh3 61. Rc6+ Kg7 62. Rb6 Bf5 63. h4 Bg6 64. Re6 Bb1 65. Rxe5 Bc2 66.
Kf4 Bb1 67. Kg5 Bc2 68. Rc5 Bb1 69. Rc7+ Kh8 70. Kh6 Ba2 71. Rh7+ Kg8 72. Ra7
Bd5 73. Rd7 Be4 74. Rg7+ Kh8 75. Rd7 Kg8 76. Rd8+ Kf7 77. Rd4 Bc2 78. Rg4 Bd3
79. h5 Kf8 80. Kg5 Kg7 81. Rd4 Bc2 82. Rd7+ Kh8 83. Kf6 Bb1 84. Ra7 Bc2 85. Rg7
Bd3 86. Kf7 Bc4+ 87. Kf8 Bb3 88. h6 Bc4 89. Ke7 Bd3 90. Kf6 Bc2 91. Rc7 Bb1
1/2-1/2

[Event "Oberliga Ost B"]
[Site "?"]
[Date "2022.07.02"]
[Round "6.2"]
[White "Liebold, Aaron"]
[Black "Alber, Horst"]
[Result "1/2-1/2"]
[WhiteElo "2015"]
[BlackElo "2248"]
[PlyCount "61"]
[EventDate "2021.10.10"]
[EventType "team-tourn"]
[EventCountry "GER"]
[WhiteTeam "Gera ESV"]
[BlackTeam "Marburg SK"]
[WhiteTeamCountry "GER"]
[BlackTeamCountry "GER"]

1. e4 g6 2. d4 Bg7 3. Be3 d6 4. Bc4 Nf6 5. f3 O-O 6. Nc3 c6 7. Bb3 Nbd7 8. Qd2
b5 9. Nge2 Nb6 10. Bh6 a5 11. a3 Nc4 12. Bxc4 bxc4 13. g4 e5 14. Bxg7 Kxg7 15.
dxe5 dxe5 16. Qxd8 Rxd8 17. Rd1 Be6 18. Kf2 Kf8 19. Ke3 Ke7 20. Na4 h5 21. g5
Nh7 22. h4 Rf8 23. Nc5 f6 24. Nxe6 Kxe6 25. gxf6 Rxf6 26. Nc3 Raf8 27. Rh3 Ke7
28. Na4 Rb8 29. Rh2 Rbf8 30. Rh3 Rb8 31. Rh2 1/2-1/2

[Event "Oberliga Ost B"]
[Site "?"]
[Date "2022.07.02"]
[Round "6.3"]
[White "Dorst, Johannes"]
[Black "Puschendorf, Steffen"]
[Result "1-0"]
[WhiteElo "2246"]
[BlackElo "2140"]
[PlyCount "131"]
[EventDate "2021.10.10"]
[EventType "team-tourn"]
[EventCountry "GER"]
[WhiteTeam "Marburg SK"]
[BlackTeam "Gera ESV"]
[WhiteTeamCountry "GER"]
[BlackTeamCountry "GER"]

1. e4 e6 2. d4 d5 3. Nc3 Bb4 4. e5 c5 5. a3 Bxc3+ 6. bxc3 Ne7 7. Qg4 O-O 8. Bd3
f5 9. exf6 Rxf6 10. Bg5 Rf7 11. Qh5 g6 12. Qd1 Qa5 13. Bd2 c4 14. Be2 Nd7 15.
Nf3 Nc6 16. Ng5 Re7 17. f4 Nf6 18. Bf3 Bd7 19. O-O Nd8 20. Qe1 Ba4 21. Ra2 Nf7
22. f5 Rae8 23. fxg6 hxg6 24. Bd1 Nh7 25. Nxh7 Kxh7 26. Qh4+ Kg8 27. Rf3 e5 28.
Rh3 e4 29. Qh7+ Kf8 30. Bf4 Qb6 31. Ra1 Qf6 32. Be3 Bd7 33. Rg3 Bf5 34. Bg4
Bxg4 35. Rxg4 Qg7 36. Qxg6 Qxg6 37. Rxg6 Re6 38. Rxe6 Rxe6 39. Rb1 Ra6 40. Bc1
Nd8 41. Rb5 Rd6 42. Bf4 Rd7 43. Kf2 Kf7 44. Ke3 Ke6 45. Rb1 Rg7 46. Rg1 Nc6 47.
g4 Rh7 48. Rg2 b5 49. Bg3 Rg7 50. h3 a5 51. Rf2 b4 52. cxb4 axb4 53. axb4 Ra7
54. Be5 Ra3+ 55. Kf4 Nxb4 56. g5 Rxh3 57. Kg4 Rf3 58. Rh2 Rf1 59. g6 Rg1+ 60.
Kh5 Nc6 61. Bf4 Nxd4 62. Be3 Nf3 63. Bxg1 Nxh2 64. Bxh2 Kf6 65. Kh6 d4 66. g7
1-0

[Event "Oberliga Ost B"]
[Site "?"]
[Date "2022.07.02"]
[Round "6.4"]
[White "Glaessl, Matthias"]
[Black "Henrich, Thomas"]
[Result "1-0"]
[WhiteElo "2181"]
[BlackElo "2116"]
[PlyCount "137"]
[EventDate "2021.10.10"]
[EventType "team-tourn"]
[EventCountry "GER"]
[WhiteTeam "Gera ESV"]
[BlackTeam "Marburg SK"]
[WhiteTeamCountry "GER"]
[BlackTeamCountry "GER"]

1. e4 e6 2. d4 d5 3. Nc3 Bb4 4. exd5 exd5 5. Bd3 Nc6 6. Nge2 Qf6 7. O-O Nge7 8.
Be3 O-O 9. Ng3 Bxc3 10. bxc3 Ng6 11. Qh5 Nce7 12. Rfe1 h6 13. Bd2 Be6 14. Qd1
Nf4 15. Nh5 Nxh5 16. Qxh5 Nf5 17. Re5 g6 18. Qf3 Qg7 19. Rae1 Rae8 20. Bxf5
gxf5 21. Qf4 Kh7 22. R5e3 Rg8 23. Rg3 Qf6 24. Qxc7 Rc8 25. Qf4 Rxg3 26. hxg3
Qg5 27. Rb1 Qxf4 28. Bxf4 b6 29. Bd2 Rc4 30. Rb4 Rxb4 31. cxb4 b5 32. f3 Kg6
33. Kh2 h5 34. Bf4 f6 35. Kg1 a6 36. Kf2 Kf7 37. Ke3 Kg6 38. Kd2 Kf7 39. Kc3
Kg6 40. Kb3 Kf7 41. a4 Kg6 42. a5 Kf7 43. Kc3 Ke7 44. Kd3 Kf7 45. Ke3 Kg6 46.
Bd6 Kf7 47. Bc7 Kg6 48. Bd6 Kf7 49. c3 Kg6 50. c4 dxc4 51. d5 Bxd5 52. Kd4 Bb7
53. Kc5 f4 54. Bxf4 Kf5 55. Be3 c3 56. Kb6 Bd5 57. Kxa6 Bc4 58. Kb6 Bf1 59. a6
Bxg2 60. Kxb5 Bxf3 61. Kc5 Ke6 62. b5 Kd7 63. b6 c2 64. b7 Bxb7 65. axb7 Kc7
66. Kd5 Kxb7 67. Ke6 Kc6 68. Kxf6 Kd5 69. Kf5 1-0

[Event "Oberliga Ost B"]
[Site "?"]
[Date "2022.07.02"]
[Round "6.5"]
[White "Duncker, Joachim"]
[Black "Frank, Marek"]
[Result "1-0"]
[WhiteElo "2199"]
[BlackElo "1551"]
[PlyCount "49"]
[EventDate "2021.10.10"]
[EventType "team-tourn"]
[EventCountry "GER"]
[WhiteTeam "Marburg SK"]
[BlackTeam "Gera ESV"]
[WhiteTeamCountry "GER"]
[BlackTeamCountry "GER"]

1. e4 c5 2. Nc3 Nc6 3. Bb5 Nd4 4. Bc4 g6 5. Nge2 Bg7 6. Nxd4 cxd4 7. Qf3 e6 8.
Nb5 d6 9. Qa3 Bf8 10. Nxd4 Bd7 11. Qf3 Bg7 12. Ne2 Ne7 13. d4 Rc8 14. Bb3 Nc6
15. c3 O-O 16. O-O b5 17. Bf4 e5 18. dxe5 dxe5 19. Be3 Qf6 20. Qg3 h6 21. f4
exf4 22. Rxf4 Qe7 23. Qxg6 Ne5 24. Qg3 Nd3 25. Bd4 1-0

[Event "Oberliga Ost B"]
[Site "?"]
[Date "2022.07.02"]
[Round "6.6"]
[White "Hilbig, Dieter"]
[Black "Neidhardt, Helge"]
[Result "0-1"]
[WhiteElo "1923"]
[BlackElo "1985"]
[PlyCount "114"]
[EventDate "2021.10.10"]
[EventType "team-tourn"]
[EventCountry "GER"]
[WhiteTeam "Gera ESV"]
[BlackTeam "Marburg SK"]
[WhiteTeamCountry "GER"]
[BlackTeamCountry "GER"]

1. e4 e5 2. Nf3 Nc6 3. Bc4 Bc5 4. c3 Nf6 5. d4 exd4 6. O-O Nxe4 7. cxd4 d5 8.
dxc5 dxc4 9. Qe2 Qd3 10. Re1 f5 11. Nbd2 O-O 12. Nxc4 Nxc5 13. Be3 Qxe2 14.
Rxe2 Ne4 15. Nd4 Nxd4 16. Bxd4 Be6 17. Nd2 Rad8 18. Be3 Nxd2 19. Rxd2 Rxd2 20.
Bxd2 c5 21. Bc3 Rd8 22. f3 Kf7 23. Kf2 g5 24. a3 b5 25. Re1 Rd5 26. Re2 a6 27.
g3 Rd3 28. Re5 Rd5 29. Re2 Bd7 30. Bd2 g4 31. fxg4 fxg4 32. Be3 Bf5 33. Rd2
Rxd2+ 34. Bxd2 Ke6 35. Ke3 Kd5 36. Kf4 Bd7 37. Be3 b4 38. Bd2 bxa3 39. bxa3 Kc4
40. Ke3 Kb3 41. Bc1 Kc2 42. Bd2 Kb2 43. Kd3 Bb5+ 44. Ke4 Kxa3 45. Kd5 c4 46.
Kd4 Kb3 47. Ba5 Be8 48. Be1 Bf7 49. Ba5 Ka4 50. Bd2 Kb3 51. Ba5 Kc2 52. Ke3 Be6
53. Be1 c3 54. Kd4 a5 55. Bxc3 a4 56. Ba1 a3 57. Ke5 Bd7 0-1

[Event "Oberliga Ost B"]
[Site "?"]
[Date "2022.07.02"]
[Round "6.7"]
[White "Nekhamkis, Genadi"]
[Black "Helmsdorf, Marius"]
[Result "1-0"]
[WhiteElo "2085"]
[BlackElo "1620"]
[PlyCount "85"]
[EventDate "2021.10.10"]
[EventType "team-tourn"]
[EventCountry "GER"]
[WhiteTeam "Marburg SK"]
[BlackTeam "Gera ESV"]
[WhiteTeamCountry "GER"]
[BlackTeamCountry "GER"]

1. e4 e6 2. d4 d5 3. e5 c5 4. c3 Qb6 5. Nf3 Nc6 6. a3 c4 7. Nbd2 Na5 8. h4 Bd7
9. g3 Ne7 10. Bh3 f6 11. O-O O-O-O 12. Re1 Re8 13. Rb1 Nec6 14. b4 cxb3 15.
Nxb3 Nxb3 16. Rxb3 Qc7 17. Bf4 fxe5 18. Nxe5 Nxe5 19. Bxe5 Bd6 20. Qb1 Bxe5 21.
Rxe5 Kb8 22. Rb4 Re7 23. c4 Bc8 24. Bg2 dxc4 25. Rc5 Qd7 26. Rcxc4 h6 27. Qe4
Rf8 28. Rc2 Rf5 29. Rbc4 Re8 30. g4 Rd5 31. Qe3 Rd6 32. Qe5 Rg8 33. a4 Qe7 34.
a5 g5 35. h5 Rgd8 36. a6 b6 37. Qe4 Rd5 38. Rc6 Qd7 39. Qf3 Bxa6 40. Qa3 Ra5
41. Qg3+ e5 42. dxe5 Qd1+ 43. Kh2 1-0

[Event "Oberliga Ost B"]
[Site "?"]
[Date "2022.07.02"]
[Round "6.8"]
[White "Frank, Marian"]
[Black "Schneider, Wolfram"]
[Result "1-0"]
[WhiteElo "1373"]
[BlackElo "2005"]
[PlyCount "77"]
[EventDate "2021.10.10"]
[EventType "team-tourn"]
[EventCountry "GER"]
[WhiteTeam "Gera ESV"]
[BlackTeam "Marburg SK"]
[WhiteTeamCountry "GER"]
[BlackTeamCountry "GER"]

1. d4 Nf6 2. Nf3 g6 3. c4 Bg7 4. e3 c6 5. Nc3 O-O 6. b3 d6 7. Bd3 e5 8. dxe5
dxe5 9. e4 Qc7 10. Qc2 a5 11. h3 Rd8 12. Be3 Nh5 13. g3 Qe7 14. O-O-O Bf8 15.
Na4 Nd7 16. c5 Ng7 17. Bc4 Ne6 18. Bxe6 Qxe6 19. Rd2 Qe8 20. Rhd1 Be7 21. Qc3
f6 22. Rd3 Nf8 23. Nb6 Be6 24. Nxa8 Rxa8 25. g4 a4 26. bxa4 Rxa4 27. Qb2 Qa8
28. a3 Qa5 29. Rc3 b5 30. cxb6 Rxa3 31. Rdd3 Ra1+ 32. Kc2 Ra2 33. b7 Rxb2+ 34.
Kxb2 Qb4+ 35. Rb3 Bxb3 36. Rxb3 Qxe4 37. Nd2 Qd5 38. b8=Q c5 39. Qb7 1-0

[Event "Oberliga Ost B"]
[Site "?"]
[Date "2022.07.02"]
[Round "6.1"]
[White "Di Capua, Francesco Stefano"]
[Black "Braun, Vitali"]
[Result "0-1"]
[WhiteElo "1983"]
[BlackElo "2354"]
[PlyCount "78"]
[EventDate "2021.10.10"]
[EventType "team-tourn"]
[EventCountry "GER"]
[WhiteTeam "Gernsheim SK"]
[BlackTeam "Griesheim SV"]
[WhiteTeamCountry "GER"]
[BlackTeamCountry "GER"]

1. e4 e6 2. b3 b6 3. Bb2 Bb7 4. Nc3 Nf6 5. e5 Nd5 6. Qg4 Nxc3 7. Bxc3 c5 8. Nh3
Nc6 9. Ng5 Nb4 10. Qf4 Qe7 11. Ne4 Bxe4 12. Qxe4 Nc6 13. a4 a6 14. Be2 g6 15.
h4 h5 16. Rh3 Bg7 17. Rd1 Ra7 18. Kf1 Qd8 19. f4 Qc7 20. Rg3 Ne7 21. Rf3 Nf5
22. g3 O-O 23. Kg2 Rd8 24. Rd3 b5 25. Ba1 c4 26. bxc4 bxc4 27. Rc3 d5 28. exd6
Nxd6 29. Qf3 Qa5 30. Ra3 Bxa1 31. Raxa1 Nf5 32. Bxc4 Rxd2+ 33. Rxd2 Qxd2+ 34.
Kh1 Qd4 35. Rd1 Qxc4 36. Rd8+ Kh7 37. Qa3 Qf1+ 38. Kh2 Qf2+ 39. Kh3 Ne3 0-1